000 00955nam a22003137a 4500
001 BR0001268
003 BR-BrBNA
005 20230928100608.0
007 ta
008 230509b bl.||||| |||| 00| 0 por d
040 _aBR-BrBNA
_bpor
_cBiblioteca Nacional de Agricultura
041 _a(Por)
072 _aF01; Q04
_b1050
090 _ 1050 BR0001268
100 1 _aRufini, J.C.M.
110 1 _aUniversidade Federal de Lavras, MG (Brasil)
_0Tese (Mestre em Agronomia)
245 1 _aInfluencia do raleio manual sobre a qualidade dos frutos da tangerineira "Ponkan" (citrus reticulata Blanco()
260 3 _aLavras, MG (Brasil):
_c1999.
300 _a50 p.
500 _aSummaries (Eng, Por); Bibliography p. 38-47; 5 illus.; 9 tables
650 _aPonkan
650 _aRaleio
650 _aQualidade
650 _aFruto
650 _aAnalise de Alimento
650 _aRendimento
909 _a202309
_bLucia
_c55
_dLucia Elande
942 _cBK
999 _c61964
_d61964